| 000 | 00917pam a2200289 a 4500 | ||
|---|---|---|---|
| 001 | 2440 | ||
| 005 | 20250709094715.0 | ||
| 020 | _a9780590457811 | ||
| 040 |
_aDLC _cDLC _dDLC _beng |
||
| 050 | 0 | 0 | _aPZ8.M3554 |
| 082 | 0 | 0 | _a398.24529633 |
| 100 | 1 | _aMarshall, James | |
| 245 | 1 | 4 |
_aThe three little pigs _cBy James, Marshall |
| 250 | _aFirst Scholastic printing , March 1992 | ||
| 260 |
_aNew York _c1989 |
||
| 300 |
_a29 unnumbered pages : _bColor illustrations ; _c27 cm |
||
| 505 | _aN | ||
| 520 | _aRetells the familiar tale in which one of three brother pigs survives a wolf's attacks by using his head and planning well. | ||
| 521 |
_a560
_bLexile |
||
| 521 |
_aN
_bRaz-Plus |
||
| 650 | 1 |
_aPigs _vFolklore. |
|
| 650 | 1 |
_aWolves _vFolklore. |
|
| 650 | 1 | _aFolklore. | |
| 700 | 1 |
_aMarshall, James _eillustrator |
|
| 906 |
_a7 _bcbc _corignew _d1 _eocip _f19 _gy-gencatlg |
||
| 942 |
_2ddc _cBK _n0 |
||
| 999 |
_c2440 _d2440 |
||